000 00607nam a2200205Ia 4500
003 IN-BaIIA
008 211028s9999 xx 000 0 eng d
040 _cIIA Library
080 _a621.389.04
_bTRA
245 0 _aTransistor circuit design
_cedited by Joseph A. Walston and John R. Miller
260 _aTokyo
_bMcGraw-Hill
_c1963
300 _axi, 523p.
650 _aIntegrated circuits
_93314
650 _aMicroelectronics
_93318
650 _aNASA Thesaurus
650 _aTransistor circuits
_93026
700 _aMiller, John R., ed.
_95240
700 _aWalston, Joseph A., ed.
_95241
942 _cBK
999 _c5551
_d5551